| 000 | 00403cam a22001217a 4500 | ||
|---|---|---|---|
| 008 | 180718b1928 xxu||||| |||| 00| 0 eng d | ||
| 082 | _aQ8x54 H282 | ||
| 100 | _aHatch, W.J. | ||
| 245 |
_aThe land pirates of India: an account of the Kuravers, a remarkable tribe of hereditary criminals _cby W.J. Hatch |
||
| 260 |
_aLondon _bSelley, Serive _c1928 |
||
| 300 | _a272p. | ||
| 650 | _aCriminals - India - Madras | ||
| 999 |
_c367810 _d367810 |
||